000 01888cam a22003015a 4500
001 L128873
002 8156
008 050223s2007 xxk f 0001 0 eng d
020 _a0728204495
035 _a(Sirsi) u128873
041 0 _aeng
050 0 4 _a690.2 $2 18
100 1 _aMelville, Ian A.
245 0 0 _aInspections and reports on dwellings reporting for buyers
260 _aLondon
_bEstates Gazette
_c2007
300 _a221p.
_c25cm.
490 0 _aEstates Gazette Inspections and Reports on Dwellings
505 2 _aSite notes and reports in outline -- Mortgage valuation reports -- RICS homebuyer survey and valuation report -- Building survey reports -- The valuation -- Appendix 1 Sample mortgage valuation report -- Appendix 2 Sample homebuyer survey and valuation report: house -- Appendix 3 Sample homebuyer survey and valuation report: flat -- Appendix 4 Sample building survey report: house.
520 _aThe third volume of a series shows how, after the assessment of the age and the inspection of a dwelling, the findings can be set out in a clear and unambiguous manner. Details how this objective can be achieved for three types of report, mortgage valuation, homebuyer survey and building survey reports, all of which are subject to mandatory guidance from RICS and, where a market value is required, also by the Council of Mortgage Lenders. Stresses that the need to include home condition reports in seller?s Home Information Packs illustrates the importance of producing reports to a good standard.
520 _aReplaced by 2 ed 2016 9780415732215
590 _aKA
650 2 4 _aRICS HOMEBUYER SURVEY AND VALUATION REPORT
651 4 _aEngland and Wales
_y1543-
690 _aBUILT ENVIRONMENT-BUILDING INSPECTION
690 _aPROPERTY-RESIDENTIAL PROPERTY-RESIDENTIAL PROPERTY APPRAISAL AND VALUATION
700 1 _aGordon, Ian A.
942 _n0
999 _c104030
_d104030